New challenges to international law : (Record no. 1580)
[ view plain ]
| 000 -LEADER | |
|---|---|
| fixed length control field | 03567cam a2200445 i 4500 |
| 001 - CONTROL NUMBER | |
| control field | data |
| 005 - DATE AND TIME OF LATEST TRANSACTION | |
| control field | 20260322212107.0 |
| 008 - FIXED-LENGTH DATA ELEMENTS--GENERAL INFORMATION | |
| fixed length control field | data |
| 035 ## - SYSTEM CONTROL NUMBER | |
| System control number | 20646430 |
| 010 ## - LIBRARY OF CONGRESS CONTROL NUMBER | |
| LC control number | 2018956175 |
| 016 7# - NATIONAL BIBLIOGRAPHIC AGENCY CONTROL NUMBER | |
| Record control number | 019085315 |
| Source | Uk |
| 020 ## - INTERNATIONAL STANDARD BOOK NUMBER | |
| International Standard Book Number | 9789004384286 |
| Qualifying information | paperback |
| 020 ## - INTERNATIONAL STANDARD BOOK NUMBER | |
| International Standard Book Number | 9004384286 |
| Qualifying information | paperback |
| 020 ## - INTERNATIONAL STANDARD BOOK NUMBER | |
| Canceled/invalid ISBN | 9789004384293 |
| Qualifying information | electronic book |
| 020 ## - INTERNATIONAL STANDARD BOOK NUMBER | |
| Canceled/invalid ISBN | 9004384294 |
| Qualifying information | electronic book |
| 035 ## - SYSTEM CONTROL NUMBER | |
| System control number | (OCoLC)1059517075 |
| 040 ## - CATALOGING SOURCE | |
| Original cataloging agency | QGJ |
| Language of cataloging | eng |
| Transcribing agency | QGJ |
| Description conventions | rda |
| Modifying agency | DLC |
| -- | ERASA |
| -- | OHX |
| -- | GUL |
| -- | UKMGB |
| -- | RCJ |
| -- | DLC |
| 041 0# - LANGUAGE CODE | |
| Language code of text/sound track or separate title | fre |
| -- | fre |
| 042 ## - AUTHENTICATION CODE | |
| Authentication code | lccopycat |
| 050 00 - LIBRARY OF CONGRESS CALL NUMBER | |
| Classification number | KZ3410 |
| Item number | .N488 2018 |
| 082 04 - DEWEY DECIMAL CLASSIFICATION NUMBER | |
| Classification number | 341 |
| Edition information | 23 |
| 245 00 - TITLE STATEMENT | |
| Title | New challenges to international law : |
| Remainder of title | a view from The Hague / |
| Statement of responsibility, etc. | edited by Steven van Hoogstraten. |
| 264 #1 - PRODUCTION, PUBLICATION, DISTRIBUTION, MANUFACTURE, AND COPYRIGHT NOTICE | |
| Place of production, publication, distribution, manufacture | Boston : |
| -- | Boston : |
| Name of producer, publisher, distributor, manufacturer | Brill Nijhoff, |
| Date of production, publication, distribution, manufacture, or copyright notice | [2018] |
| 300 ## - PHYSICAL DESCRIPTION | |
| Extent | vi, 164 pages ; |
| Dimensions | 24 cm. |
| 336 ## - CONTENT TYPE | |
| Content type term | text |
| Content type code | txt |
| Source | rdacontent |
| 337 ## - MEDIA TYPE | |
| Media type term | unmediated |
| Media type code | n |
| Source | rdamedia |
| 338 ## - CARRIER TYPE | |
| Carrier type term | volume |
| Carrier type code | nc |
| Source | rdacarrier |
| 490 1# - SERIES STATEMENT | |
| Series statement | Nijhoff law specials, |
| International Standard Serial Number | 0924-4549 ; |
| Volume/sequential designation | volume 96 |
| 504 ## - BIBLIOGRAPHY, ETC. NOTE | |
| Bibliography, etc. note | Includes bibliographical references. |
| 505 00 - FORMATTED CONTENTS NOTE | |
| Formatted contents note | Introduction / Steven van Hoogstraten -- Compulsory Jurisdiction of the Court under the Optional Clause / Abdulqawi Ahmed Yusuf -- The Hague Academy of International Law and the Development of the Settlement of Disputes as a Global Mechanism / Yves Daudet -- The Constitutional Role of the ICJ within the UN System / Niels Blokker -- Mediation as an Alternative for International Dispute Settlement / Jeroen Vervliet -- Vers une nouvelle philosophie pour la justice pénale internationale / François Roux -- What Is There to Find for a Criminal Lawyer in the Peace Palace? / Alphons M. M. Orie -- The PCA, the Hague Courts and the Yukos case / Serge Vlaar -- The Universalization of Human Rights / Willem van Genugten -- Global Protection of Human Rights: Who Can See the Wood for the Trees? / Nico Schrijver -- ICTY and the New Law on Genocide / Carsten Stahn -- The Peace Palace and New Challenges to Peace Diplomacy / Steven van Hoogstraten -- Le Palais de la Paix, la CIJ et la Fondation Carnegie / Philippe Couvreur -- The Right to Food, a Standard for Civilization? / Steven van Hoogstraten -- Closing Statement / Steven van Hoogstraten. |
| 520 8# - SUMMARY, ETC. | |
| Summary, etc. | International law and the Hague, the city where so many institutions of international law are established, are intimately connected. This book presents the views developed by some of the active players in the legal capital of the world on a number of the current challenges faced by international law. The starting point was a seminar held in the Peace Palace, reviewing some of the legal policy questions of today, such as the acceptance of the jurisdiction of the ICJ as a prerequisite to diuspute settlement. Supplementing these articles on classical international law are essays dealing with the younger discipline of international criminal law, as practiced by the ICC and other Tribunals, offering ideas on, among other things. how to speed up the lengthy procedures of international criminal tribunals. Other contributions debate the universality of human rights and their legal protection. |
| 546 ## - LANGUAGE NOTE | |
| Language note | In English, with two contributions in French. |
| 650 #0 - SUBJECT ADDED ENTRY--TOPICAL TERM | |
| Topical term or geographic name entry element | International law. |
| 650 #7 - SUBJECT ADDED ENTRY--TOPICAL TERM | |
| Topical term or geographic name entry element | International law. |
| Source of heading or term | fast |
| Authority record control number or standard number | (OCoLC)fst00976984 |
| 700 1# - ADDED ENTRY--PERSONAL NAME | |
| Personal name | Hoogstraten, S. van, |
| Relator term | editor. |
| Relationship | edt |
| 830 #0 - SERIES ADDED ENTRY--UNIFORM TITLE | |
| Uniform title | Nijhoff law specials ; |
| Volume/sequential designation | 96. |
| 906 ## - LOCAL DATA ELEMENT F, LDF (RLIN) | |
| a | 7 |
| b | cbc |
| c | copycat |
| d | 2 |
| e | epcn |
| f | 20 |
| g | y-gencatlg |
| 925 0# - | |
| -- | acquire |
| -- | 1 shelf copy |
| -- | policy default |
| Withdrawn status | Lost status | Damaged status | Not for loan | Home library | Current library | Shelving location | Date acquired | Total checkouts | Full call number | Barcode | Date last seen | Price effective from | Koha item type |
|---|---|---|---|---|---|---|---|---|---|---|---|---|---|
| Liberty | Liberty | General stacks | 22/03/2026 | 341 | LOC-LPL-00043 | 22/03/2026 | 22/03/2026 | Books |